[Event "C.to Provinciale VR"]
[Site "Zevio ITA"]
[Date "2014.01.26"]
[Round "5"]
[White "Antolini, Aldo"]
[Black "Pisani, Valerio"]
[WhiteElo "1737"]
[BlackElo "1725"]
[Result "1-0"]
[PlyCount "83"]
[EventDate "2014.01.18"]

1. e4 e6 2. d4 d5 3. Nd2 c5 4. c3 Nc6 5. Bb5 Qb6 6. exd5 exd5 7. Qe2+ Be7 8.
Nb3 cxd4 9. Nxd4 Nf6 10. Be3 Qc7 11. Ngf3 O-O 12. O-O Bg4 13. Rfe1 a6 14. Ba4
Bd6 15. h3 Bd7 16. Bc2 Rfe8 17. Qd2 Ne4 18. Qd3 g6 19. Rad1 Bf4 20. Bxf4 Qxf4
21. Ne2 Qh6 22. Qxd5 Nf6 23. Qg5 Qg7 24. Bb3 h6 25. Qc1 g5 26. Ng3 g4 27. hxg4
Bxg4 28. Qf4 h5 29. Nf5 Bxf5 30. Qxf5 Ne7 31. Qg5 Ng6 32. Re3 Ne4 33. Qxh5 Nf4
34. Qh2 Ng6 35. Rde1 Nf6 36. Rxe8+ Rxe8 37. Rxe8+ Nxe8 38. Ng5 Ne5 39. f4 Nc7
40. Qh5 Ne6 41. Nxe6 fxe6 42. Qxe5 1-0

[Event "C.to Provinciale VR"]
[Site "Zevio ITA"]
[Date "2014.01.26"]
[Round "5"]
[White "Bartiromo, Gerardo"]
[Black "Morandini, Alessandro"]
[WhiteElo "1676"]
[BlackElo "1307"]
[Result "1-0"]
[PlyCount "59"]
[EventDate "2014.01.18"]

1. d4 b6 2. e4 Bb7 3. Bd3 e6 4. Nf3 Nf6 5. Bg5 h6 6. Bxf6 gxf6 7. Nbd2 d5 8.
exd5 Bxd5 9. c4 Bb7 10. O-O Nd7 11. Re1 Qe7 12. d5 e5 13. Nd4 Nc5 14. Nf5 Qd7
15. Bc2 O-O-O 16. Ng3 Kb8 17. b4 Na6 18. a3 c6 19. Bf5 Qd6 20. Nde4 Qc7 21. Rc1
Qe7 22. d6 Rxd6 23. Nxd6 Qxd6 24. Qxd6+ Bxd6 25. Rcd1 Kc7 26. Ne4 Rd8 27. Nxf6
c5 28. b5 Nb8 29. Ne4 Bxe4 30. Bxe4 1-0

[Event "C.to Provinciale VR"]
[Site "Zevio ITA"]
[Date "2014.01.26"]
[Round "5"]
[White "Bonini, Roberto"]
[Black "Marcori, Mirko"]
[WhiteElo "1872"]
[BlackElo "1752"]
[Result "1/2-1/2"]
[PlyCount "128"]
[EventDate "2014.01.18"]

1. e4 e6 2. d4 d5 3. Nc3 Bb4 4. e5 Ne7 5. Nf3 c5 6. a3 cxd4 7. axb4 dxc3 8.
bxc3 Qc7 9. Qd3 Nd7 10. Bf4 Ng6 11. Bg3 a5 12. Qd4 b6 13. Bd3 Ba6 14. Bxa6 Rxa6
15. O-O O-O 16. Ra3 b5 17. bxa5 Rxa5 18. Rfa1 Rfa8 19. Qb4 Rxa3 20. Rxa3 Rxa3
21. Qxa3 Qc4 22. Qa8+ Ndf8 23. h4 h6 24. Qe8 Qxc3 25. h5 Nh8 26. Bh4 g5 27.
hxg6 Nhxg6 28. Bf6 Qxc2 29. Qxb5 Qc1+ 30. Kh2 Qf4+ 31. Kh1 Qc4 32. Qb6 Qf1+ 33.
Kh2 Nf4 34. Nh4 Ne2 35. Qe3 Kh7 36. Nf3 d4 37. Qe4+ Kg8 38. Nxd4 Qg1+ 39. Kh3
Qh1+ 40. Kg4 Nxd4 41. Qxd4 Qxg2+ 42. Kf4 h5 43. Ke3 Qh1 44. Ke2 Qg2 45. Qf4 Qg6
46. Qd4 Qc2+ 47. Kf3 Qf5+ 48. Kg3 Kh7 49. Qa7 Qg4+ 50. Kh2 Qg8 51. Qa4 Qg6 52.
Qd1 Kg8 53. Be7 Qh6 54. Kh3 Qg7 55. f3 Qh6 56. Qd8 Qg7 57. Kh4 Qh6 58. Qxf8+
Qxf8 59. Bxf8 Kxf8 60. Kxh5 Kg7 61. Kg5 Kf8 62. Kf6 Kg8 63. Ke7 Kg7 64. Ke8 Kg8
1/2-1/2

[Event "C.to Provinciale VR"]
[Site "Zevio ITA"]
[Date "2014.01.26"]
[Round "5"]
[White "Caldonazzo, Matteo"]
[Black "De Paoli, Emilio"]
[WhiteElo "1940"]
[BlackElo "1816"]
[Result "1-0"]
[PlyCount "107"]
[EventDate "2014.01.18"]

1. Nf3 c5 2. e3 g6 3. d4 b6 4. Bd3 Bg7 5. O-O Nc6 6. c3 e6 7. Nbd2 Nge7 8. dxc5
bxc5 9. Ne4 d6 10. Bb5 O-O 11. Qxd6 Qxd6 12. Nxd6 Rd8 13. Nxc8 Raxc8 14. e4 Rb8
15. a4 Na5 16. Be3 a6 17. Bxa6 Rxb2 18. Bxc5 Nec6 19. Rab1 Rdb8 20. Bb5 Bxc3
21. Rxb2 Bxb2 22. Rd1 Rd8 23. Rxd8+ Nxd8 24. Bb6 Ndc6 25. Kf1 Bc3 26. Ke2 Kg7
27. Kd3 Bb4 28. Bxc6 Nxc6 29. Kc4 Bd6 30. Kb5 Nb8 31. a5 f6 32. a6 Nxa6 33.
Kxa6 e5 34. Kb5 f5 35. exf5 gxf5 36. Kc6 e4 37. Kxd6 exf3 38. g3 Kf6 39. h4 f4
40. gxf4 Kf5 41. Be3 h5 42. Kd5 Kg4 43. Ke6 Kxh4 44. f5 Kh3 45. f6 Kg2 46. f7
h4 47. f8=Q h3 48. Qg7+ Kh1 49. Qg3 h2 50. Qxf3+ Kg1 51. Qg4+ Kh1 52. Qe4+ Kg1
53. f4+ Kf1 54. Qh1+ 1-0

[Event "C.to Provinciale VR"]
[Site "Zevio ITA"]
[Date "2014.01.26"]
[Round "5"]
[White "Faccia, Sergio"]
[Black "Tencheni, Maurizio"]
[WhiteElo "2033"]
[BlackElo "1684"]
[Result "1-0"]
[PlyCount "101"]
[EventDate "2014.01.18"]

1. e4 b6 2. d4 Bb7 3. Nc3 e6 4. f4 Bb4 5. Bd3 Nf6 6. Qe2 d5 7. exd5 Qxd5 8. Nf3
O-O 9. O-O Bxc3 10. bxc3 Nbd7 11. c4 Qh5 12. Rb1 Qa5 13. Bd2 Qh5 14. a4 Rfe8
15. a5 c5 16. c3 Rab8 17. axb6 axb6 18. Be1 Ng4 19. h3 Nh6 20. Bg3 f6 21. Qc2
Nf5 22. Bxf5 Qxf5 23. Qa4 Bxf3 24. Qxd7 Rbd8 25. Qb5 Be2 26. Rfe1 Bd3 27. Rbd1
cxd4 28. Qxf5 Bxf5 29. cxd4 Kf7 30. Bf2 Rd6 31. Ra1 Re7 32. Ra8 Rc7 33. c5 bxc5
34. dxc5 Rdc6 35. Rb8 Bd3 36. Rd1 Bc4 37. Rb6 Bd5 38. f5 g6 39. fxe6+ Kxe6 40.
Bg3 Rc8 41. Re1+ Kf5 42. Bf2 h5 43. Rb4 g5 44. Rb6 h4 45. Bd4 Bc4 46. Rb4 Bd5
47. Rf1+ Kg6 48. Rb6 R8c7 49. Rxf6+ Rxf6 50. Rxf6+ Kh5 51. Rf5 1-0

[Event "C.to Provinciale VR"]
[Site "Zevio ITA"]
[Date "2014.01.26"]
[Round "5"]
[White "Gallo, Pietro"]
[Black "Curto, Carlo Alberto"]
[WhiteElo "1550"]
[BlackElo "1657"]
[Result "1/2-1/2"]
[PlyCount "48"]
[EventDate "2014.01.18"]

1. d4 d5 2. c4 e6 3. Nc3 Nf6 4. Bg5 Be7 5. Nf3 O-O 6. e3 Nbd7 7. cxd5 Nxd5 8.
Bxe7 Qxe7 9. Nxd5 exd5 10. Qb3 c6 11. Bd3 Nf6 12. O-O Bg4 13. Ne5 Bh5 14. Qc2
Bg6 15. Bxg6 fxg6 16. f3 Rad8 17. Qc3 Nd7 18. Rad1 Nxe5 19. dxe5 c5 20. f4 b6
21. Rd3 Rd7 22. Rfd1 Rfd8 23. g3 Qe6 24. a3 Kf8 1/2-1/2

[Event "C.to Provinciale VR"]
[Site "Zevio ITA"]
[Date "2014.01.26"]
[Round "5"]
[White "Giuriato, Sergio"]
[Black "Dalla Vecchia, Paolo"]
[WhiteElo "1936"]
[BlackElo "1884"]
[Result "1-0"]
[PlyCount "73"]
[EventDate "2014.01.18"]

1. d4 Nf6 2. c4 c5 3. d5 e6 4. Nc3 exd5 5. cxd5 d6 6. g3 g6 7. Bg2 Bg7 8. Nf3
O-O 9. O-O Re8 10. Nd2 Nbd7 11. a4 a6 12. h3 Nh5 13. Nce4 Ne5 14. f4 f5 15.
fxe5 fxe4 16. Nxe4 Bxe5 17. g4 Ng3 18. Nxg3 Bxg3 19. Ra3 Be5 20. Raf3 Qh4 21.
Bf4 Bxb2 22. Qd2 Bd4+ 23. e3 Be5 24. Bxe5 dxe5 25. Rf7 Re7 26. Rf8+ Kg7 27. d6
Rd7 28. Qd5 Qg5 29. Qxc5 Rd8 30. R8f7+ Kh6 31. Re7 Bxg4 32. Rff7 Rh8 33. hxg4
Qxg4 34. Qxe5 Qd1+ 35. Kh2 Rad8 36. Qg7+ Kg5 37. Re5+ 1-0

[Event "C.to Provinciale VR"]
[Site "Zevio ITA"]
[Date "2014.01.26"]
[Round "5"]
[White "Gneo, Marco"]
[Black "Guerra, Alessandro"]
[WhiteElo "1775"]
[BlackElo "2190"]
[Result "0-1"]
[PlyCount "38"]
[EventDate "2014.01.18"]

1. Nf3 c5 2. d4 cxd4 3. Nxd4 Nf6 4. c4 a6 5. Nc3 e5 6. Nb3 h6 7. g3 Qc7 8. Qd3
b5 9. cxb5 Bb7 10. e4 Bb4 11. Bg2 axb5 12. Bd2 O-O 13. Nxb5 Bxd2+ 14. Nxd2 Qa5
15. O-O Ba6 16. a4 Nc6 17. Rfc1 Nd4 18. Bf1 Qxd2 19. Qxd2 Nf3+ 0-1

[Event "C.to Provinciale VR"]
[Site "Zevio ITA"]
[Date "2014.01.26"]
[Round "5"]
[White "Jimchi, Abdelaziz"]
[Black "Paoli, Walter"]
[WhiteElo "1783"]
[BlackElo "1999"]
[Result "1-0"]
[PlyCount "85"]
[EventDate "2014.01.18"]

1. d4 d5 2. c4 e6 3. Nc3 Nf6 4. Bg5 c6 5. cxd5 exd5 6. e3 Be7 7. Bd3 O-O 8. Nf3
Nbd7 9. O-O Re8 10. Qc2 Nf8 11. h3 Nh5 12. Bxe7 Qxe7 13. Rab1 Be6 14. b4 Nf6
15. Na4 N6d7 16. Rfc1 Rec8 17. Nc5 b5 18. Nxd7 Bxd7 19. Ne5 g6 20. Qb3 Ne6 21.
Rc2 a5 22. a3 axb4 23. Qxb4 Qxb4 24. axb4 Be8 25. Rbc1 Ra4 26. Bxb5 Rxb4 27.
Bxc6 f6 28. Bxd5 Rxc2 29. Bxe6+ Kg7 30. Rxc2 fxe5 31. dxe5 Rb7 32. f4 Re7 33.
Bd5 Rd7 34. e4 Re7 35. Kf2 h6 36. Ke3 g5 37. g3 Ra7 38. Rc3 Re7 39. Kd4 Ra7 40.
f5 Ra4+ 41. Kc5 Ra5+ 42. Kb6 Ra1 43. f6+ 1-0

[Event "C.to Provinciale VR"]
[Site "Zevio ITA"]
[Date "2014.01.26"]
[Round "5"]
[White "Jirillo, Antonio"]
[Black "Cordioli, Luca"]
[WhiteElo "1609"]
[BlackElo "1738"]
[Result "0-1"]
[PlyCount "138"]
[EventDate "2014.01.18"]

1. Nf3 Nf6 2. g3 g6 3. Bg2 Bg7 4. O-O d6 5. d4 O-O 6. c4 Nbd7 7. Nc3 c5 8. dxc5
Nxc5 9. Re1 Qb6 10. Be3 Qxb2 11. Na4 Nxa4 12. Qxa4 Bd7 13. Qd1 Ng4 14. Bg5 Qb6
15. e3 Bxa1 16. Qxa1 f6 17. h3 fxg5 18. hxg4 Bxg4 19. Nxg5 h6 20. Bd5+ e6 21.
Nxe6 Bxe6 22. Bxe6+ Kh7 23. Rb1 Qc7 24. Bd5 Rab8 25. Qd4 b6 26. Kg2 Qg7 27. Qd2
Qf6 28. Rh1 Kg7 29. Rh4 Qe5 30. Re4 Qg5 31. Qd4+ Kh7 32. Rg4 Qf6 33. Qd2 b5 34.
Rf4 Qg7 35. Rd4 Rf6 36. cxb5 Rxb5 37. Bb3 Qe7 38. Qd3 Rh5 39. Qc4 Rf8 40. Bd1
Rhf5 41. Rf4 Rxf4 42. exf4 Re8 43. Bc2 Qb7+ 44. Kh2 d5 45. Qd3 Qb6 46. Kg2 d4
47. f5 Kg7 48. fxg6 Qc6+ 49. Kh2 Qf6 50. f4 Rd8 51. Qe4 Qd6 52. Bd3 Rd7 53. f5
Qd5 54. Qf4 Qd6 55. Qd2 Re7 56. Qc2 Re3 57. f6+ Qxf6 58. Qc7+ Re7 59. Qc8 Qe6
60. Qc2 Qd6 61. Qb2 Qb6 62. Qf2 Qf6 63. Qg2 Qe6 64. Qc2 Qd6 65. Qf2 h5 66. Qf5
h4 67. Qg4 Qxg3+ 68. Qxg3 hxg3+ 69. Kxg3 Re3+ 0-1

[Event "C.to Provinciale VR"]
[Site "Zevio ITA"]
[Date "2014.01.26"]
[Round "5"]
[White "Leone, Cataldo"]
[Black "Fiscato, Claudio"]
[WhiteElo "1619"]
[BlackElo "1768"]
[Result "0-1"]
[PlyCount "58"]
[EventDate "2014.01.18"]

1. e4 c5 2. Nf3 e6 3. d4 cxd4 4. Nxd4 a6 5. Nc3 Qc7 6. Be3 Nf6 7. Be2 b5 8. f3
Bb7 9. O-O Be7 10. Qd2 O-O 11. a3 d5 12. exd5 Nxd5 13. Nxd5 Bxd5 14. Rac1 Rd8
15. Bd3 Bf6 16. c3 e5 17. Nf5 Bc4 18. Qf2 Rxd3 19. Qg3 Qd7 20. Nxg7 Bxg7 21.
Bh6 f6 22. Rfe1 Kh8 23. Bxg7+ Qxg7 24. Qh3 Nc6 25. Re4 Rad8 26. Rce1 Rd1 27.
Qf5 Rxe1+ 28. Rxe1 Ne7 29. Qc2 Qg6 0-1

[Event "C.to Provinciale VR"]
[Site "Zevio ITA"]
[Date "2014.01.26"]
[Round "5"]
[White "Luciani, Valerio"]
[Black "Cacco, Christian"]
[WhiteElo "2229"]
[BlackElo "2332"]
[Result "1-0"]
[PlyCount "153"]
[EventDate "2014.01.18"]

1. d4 Nf6 2. c4 g6 3. Nc3 Bg7 4. e4 d6 5. f3 Nc6 6. Be3 e5 7. Nge2 O-O 8. Qd2
Nh5 9. d5 Na5 10. b3 f5 11. O-O-O f4 12. Bf2 b6 13. Kb2 Nb7 14. b4 a5 15. a3
Rf7 16. Nc1 Bf8 17. Be2 Bd7 18. Nd3 Qf6 19. Ra1 h6 20. Bd1 Qd8 21. Bb3 Qb8 22.
Kc2 Rg7 23. Rhb1 axb4 24. axb4 Rxa1 25. Rxa1 Nd8 26. c5 bxc5 27. bxc5 Nf7 28.
c6 Be8 29. Qc1 Kh7 30. Ra7 g5 31. Qa3 Qd8 32. h3 Nh8 33. Qa5 Bg6 34. Nb5 Nf6
35. Rxc7 Be7 36. Bb6 Qf8 37. Nc3 h5 38. Ra7 Rg8 39. Qa6 Bf7 40. Qb7 Ng6 41. c7
g4 42. hxg4 hxg4 43. Ba4 Be8 44. Bc6 Bd7 45. Bxd7 Nxd7 46. c8=Q Qxc8 47. Qxc8
Rxc8 48. Rxd7 Rb8 49. Na4 gxf3 50. gxf3 Kg8 51. Kc3 Kf7 52. Kc4 Ke8 53. Ra7
Rc8+ 54. Rc7 Rb8 55. Kb5 Nh8 56. Nb4 Ra8 57. Ra7 Rxa7 58. Bxa7 Kd7 59. Na6 Nf7
60. Nb6+ Kd8 61. Nc4 Ng5 62. Nd2 Kd7 63. Nb8+ Kc7 64. Nc6 Bf8 65. Ka6 Nh3 66.
Bb6+ Kc8 67. Bd8 Kd7 68. Kb7 Ng1 69. Bh4 Ne2 70. Nb8+ Ke8 71. Kc8 Nd4 72. Na6
Be7 73. Bxe7 Kxe7 74. Nb8 Nb5 75. Nc6+ Kf6 76. Kd7 Kg5 77. Ne7 1-0

[Event "C.to Provinciale VR"]
[Site "Zevio ITA"]
[Date "2014.01.26"]
[Round "5"]
[White "Negro, Raffaele"]
[Black "Rizzati, Aldo"]
[WhiteElo "1802"]
[BlackElo "1908"]
[Result "0-1"]
[PlyCount "50"]
[EventDate "2014.01.18"]

1. d4 Nf6 2. Bf4 d5 3. e3 Bf5 4. Nf3 e6 5. c4 Bb4+ 6. Nc3 O-O 7. a3 Bxc3+ 8.
bxc3 Ne4 9. Qb3 b6 10. cxd5 exd5 11. Be2 c5 12. c4 Nc6 13. cxd5 Na5 14. Qb2
Qxd5 15. dxc5 Nxc5 16. O-O Rac8 17. Rfd1 Qb7 18. Nd4 Be4 19. Bf3 Bxf3 20. Nxf3
Ne6 21. Bg3 Nc4 22. Qb5 a6 23. Qb4 a5 24. Qb5 Rc5 25. Rd7 Qc8 0-1

[Event "C.to Provinciale VR"]
[Site "Zevio ITA"]
[Date "2014.01.26"]
[Round "5"]
[White "Negro, Roberto"]
[Black "Menini, Luca"]
[WhiteElo "2169"]
[BlackElo "1689"]
[Result "1-0"]
[PlyCount "65"]
[EventDate "2014.01.18"]

1. c4 e5 2. g3 Nc6 3. Nc3 g6 4. Bg2 Bg7 5. Rb1 d6 6. b4 Nf6 7. d3 O-O 8. b5 Ne7
9. Nf3 Re8 10. O-O c6 11. bxc6 bxc6 12. Ba3 Qc7 13. Nd2 Bd7 14. Nce4 Nxe4 15.
Nxe4 Nc8 16. Qb3 f5 17. Qb7 Qxb7 18. Rxb7 fxe4 19. Rxd7 Nb6 20. Rc7 d5 21. cxd5
cxd5 22. dxe4 d4 23. Rfc1 Rec8 24. Bh3 Rxc7 25. Rxc7 Na4 26. Be6+ Kh8 27. Bd5
Rb8 28. Rxa7 Nc3 29. Bd6 Rd8 30. Bc7 Nb5 31. Bxd8 Nxa7 32. a4 Bf8 33. Bc7 1-0

[Event "C.to Provinciale VR"]
[Site "Zevio ITA"]
[Date "2014.01.26"]
[Round "5"]
[White "Oppici, Gabriele"]
[Black "Della Sala, Bruno"]
[WhiteElo "1977"]
[BlackElo "1959"]
[Result "1-0"]
[PlyCount "71"]
[EventDate "2014.01.18"]

1. d4 Nf6 2. Nf3 c5 3. c3 cxd4 4. cxd4 d5 5. Nc3 Nc6 6. Bf4 Nh5 7. Bd2 e6 8. e3
Bd6 9. Ne5 Nf6 10. f4 O-O 11. Rc1 Ne7 12. Bd3 b6 13. O-O Bb7 14. Qf3 Ng6 15. g4
Qe7 16. g5 Nd7 17. Qg3 Rfd8 18. h4 Ngf8 19. h5 Rac8 20. Rf2 g6 21. Rh2 a6 22.
Kg2 Bxe5 23. fxe5 gxh5 24. Rxh5 Ng6 25. Rch1 Ndf8 26. Ne2 Bc6 27. Nf4 Rc7 28.
Rh6 Bb5 29. Bb1 Rdc8 30. Nh5 Rc2 31. Bxc2 Rxc2 32. Nf6+ Kg7 33. Qh3 Rxd2+ 34.
Kg3 Qc7 35. Rxh7+ Nxh7 36. Qh6+ 1-0

[Event "C.to Provinciale VR"]
[Site "Zevio ITA"]
[Date "2014.01.26"]
[Round "5"]
[White "Sprea, Giuseppe"]
[Black "Kurylovich, Alena"]
[WhiteElo "1915"]
[BlackElo "1615"]
[Result "1-0"]
[PlyCount "107"]
[EventDate "2014.01.18"]

1. d4 Nf6 2. Nf3 e6 3. c4 b6 4. g3 Bb7 5. Bg2 Be7 6. O-O O-O 7. Nc3 c5 8. d5 d6
9. e4 e5 10. Ne1 Ne8 11. f4 exf4 12. gxf4 f5 13. e5 a6 14. a4 Kh8 15. Nf3 h6
16. Kh1 Kh7 17. Rg1 Nc7 18. Qe2 Qe8 19. Bd2 Nd7 20. Bh3 g6 21. Rg2 Rg8 22. Rag1
Qf8 23. Nd1 Re8 24. Ne3 Bc8 25. Bc3 dxe5 26. fxe5 Nf6 27. exf6 Bxf6 28. Qd3
Bxc3 29. Qxc3 Re4 30. d6 Ne6 31. Nd5 Nd4 32. Ne7 Ne2 33. Rxe2 Rxe2 34. Nxg8
Qxg8 35. Qd3 Qe8 36. Bg2 Bd7 37. b3 Bc6 38. Nh4 Re1 39. Qg3 Re6 40. Bxc6 Qxc6+
41. Qg2 Qxd6 42. Nxf5 Qe5 43. Qb7+ Kh8 44. Nxh6 Re7 45. Qa8+ Re8 46. Nf7+ Kg7
47. Nxe5 Rxa8 48. Rxg6+ Kh7 49. Rxb6 Re8 50. Nf3 Re3 51. Kg2 Re2+ 52. Kg3 Re7
53. a5 Rg7+ 54. Kf2 1-0

[Event "C.to Provinciale VR"]
[Site "Zevio ITA"]
[Date "2014.01.26"]
[Round "5"]
[White "Vezzelli, Daniele"]
[Black "Cantore, Michele"]
[WhiteElo "1661"]
[BlackElo "1440"]
[Result "1/2-1/2"]
[PlyCount "30"]
[EventDate "2014.01.18"]

1. Nf3 d5 2. g3 Nf6 3. Bg2 e6 4. O-O c5 5. d3 Be7 6. c4 O-O 7. Bf4 Bd6 8. Bxd6
Qxd6 9. Qc2 Nc6 10. a3 a6 11. Rd1 Rd8 12. Nbd2 b6 13. Rab1 Bb7 14. Rbc1 Rac8
15. h3 h6 1/2-1/2

[Event "C.to Provinciale VR"]
[Site "Zevio ITA"]
[Date "2014.01.26"]
[Round "5"]
[White "Zanchetta, Nicola"]
[Black "Bertani, Gianfranco"]
[WhiteElo "1897"]
[BlackElo "2071"]
[Result "1-0"]
[PlyCount "103"]
[EventDate "2014.01.18"]

1. e4 c5 2. Nf3 Nc6 3. d4 cxd4 4. Nxd4 e5 5. Nb5 d6 6. c4 Be7 7. N1c3 a6 8. Na3
Be6 9. Be2 Bg5 10. O-O Bxc1 11. Rxc1 Nge7 12. Qd2 O-O 13. Nc2 Ng6 14. Rfd1 Nf4
15. Bf1 Qg5 16. Nd5 Rad8 17. Nxf4 exf4 18. f3 Ne5 19. Nd4 Bc8 20. Rc3 Qh6 21.
Ne2 f5 22. exf5 Rxf5 23. Qd5+ Nf7 24. Qe4 g5 25. Rd5 Re5 26. Rxe5 dxe5 27. c5
Qc6 28. Qxc6 bxc6 29. Rb3 Be6 30. Rb6 Rd1 31. Nc3 Rc1 32. Kf2 g4 33. Bd3 gxf3
34. gxf3 Ng5 35. Rxc6 Nh3+ 36. Ke2 Kf7 37. Rc7+ Kf8 38. Nd1 Ng1+ 39. Kd2 Ra1
40. Be4 Rxa2 41. Rxh7 Ra4 42. c6 Rd4+ 43. Ke1 Nxf3+ 44. Bxf3 e4 45. Be2 f3 46.
Bxa6 Bb3 47. Nc3 e3 48. c7 Be6 49. Rh8+ Kg7 50. Re8 f2+ 51. Ke2 Bh3 52. Kxe3
1-0

[Event "C.to Provinciale VR"]
[Site "Zevio ITA"]
[Date "2014.01.26"]
[Round "5"]
[White "Zonta, Riccardo"]
[Black "Mattioli, Mario"]
[WhiteElo "1634"]
[BlackElo "1533"]
[Result "1/2-1/2"]
[PlyCount "82"]
[EventDate "2014.01.18"]

1. e4 d5 2. exd5 Qxd5 3. Nf3 Nf6 4. d4 c6 5. Be2 Bf5 6. c4 Qd8 7. Nc3 e6 8. a3
Be7 9. h3 O-O 10. O-O Qc7 11. Be3 Nbd7 12. Bd3 Bxd3 13. Qxd3 h6 14. Rad1 Nb6
15. Qe2 Rfd8 16. Rfe1 Re8 17. Ne5 Rad8 18. Bf4 Qc8 19. Ne4 Nbd7 20. Ng4 Nxg4
21. hxg4 Nf6 22. g3 Nxe4 23. Qxe4 Bf6 24. Kg2 c5 25. Rh1 cxd4 26. g5 e5 27.
gxf6 exf4 28. Qxf4 Qc6+ 29. Kg1 Qxf6 30. Qxf6 gxf6 31. Rxh6 Kg7 32. Rh4 d3 33.
Kg2 d2 34. Rhh1 Re2 35. Kf3 Rde8 36. Rh4 R8e5 37. b4 f5 38. Rd4 R5e4 39. R1xd2
Rxd2 40. Rxd2 Rxc4 41. Rd3 b5 1/2-1/2

[Event "C.to Provinciale VR"]
[Site "Zevio ITA"]
[Date "2014.01.26"]
[Round "6"]
[White "Benedetti, Maurizio"]
[Black "Vezzelli, Daniele"]
[WhiteElo "1755"]
[BlackElo "1661"]
[Result "1/2-1/2"]
[PlyCount "23"]
[EventDate "2014.01.18"]

1. e4 d5 2. exd5 Qxd5 3. Nc3 Qd6 4. d4 Nf6 5. h3 a6 6. Nf3 g6 7. Be3 Bg7 8. Qd2
b5 9. Bd3 Bb7 10. a3 O-O 11. O-O Bxf3 12. gxf3 1/2-1/2

[Event "C.to Provinciale VR"]
[Site "Zevio ITA"]
[Date "2014.01.26"]
[Round "6"]
[White "Bertani, Gianfranco"]
[Black "Bonini, Roberto"]
[WhiteElo "2071"]
[BlackElo "1872"]
[Result "1-0"]
[PlyCount "95"]
[EventDate "2014.01.18"]

1. d4 Nf6 2. e3 d5 3. f4 Bf5 4. Nf3 h6 5. c4 e6 6. Qb3 Qc8 7. Be2 Bd6 8. Nc3 c6
9. O-O O-O 10. c5 Bc7 11. Bd2 Nbd7 12. Rac1 Ne4 13. Be1 f6 14. Nh4 Nxc3 15.
bxc3 Be4 16. Nf3 b5 17. Nd2 Bh7 18. e4 a5 19. exd5 a4 20. Qd1 exd5 21. f5 Re8
22. Bd3 Nf8 23. Bh4 Qb8 24. Qg4 Kh8 25. Nf3 Qc8 26. Rce1 Qd7 27. Qh5 Kg8 28. a3
Qf7 29. Qg4 Kh8 30. Bf2 Rxe1 31. Bxe1 Re8 32. Bd2 Re7 33. h4 h5 34. Qh3 Qe8 35.
g4 hxg4 36. Qxg4 Bb8 37. h5 Qf7 38. Nh4 Re8 39. Ng6+ Kg8 40. h6 Qd7 41. Qh4 Qf7
42. hxg7 Nxg6 43. fxg6 Qxg7 44. Qxh7+ Qxh7 45. gxh7+ Kg7 46. Re1 Rxe1+ 47. Bxe1
Bf4 48. Bf5 1-0

[Event "C.to Provinciale VR"]
[Site "Zevio ITA"]
[Date "2014.01.26"]
[Round "6"]
[White "Cacco, Christian"]
[Black "Oppici, Gabriele"]
[WhiteElo "2332"]
[BlackElo "1977"]
[Result "1-0"]
[PlyCount "71"]
[EventDate "2014.01.18"]

1. c4 Nc6 2. Nc3 e5 3. g3 Bc5 4. Bg2 Nf6 5. d3 d6 6. Nf3 h6 7. a3 a5 8. O-O Bf5
9. h3 Qd7 10. Kh2 Nh7 11. Nd5 Nd4 12. Nxd4 Bxd4 13. e3 Ba7 14. f4 c6 15. Nc3
exf4 16. gxf4 Qc7 17. e4 Bd7 18. d4 O-O 19. f5 Rad8 20. Kh1 Qb6 21. Be3 Qa6 22.
Qe2 f6 23. h4 Be8 24. b4 Bb6 25. c5 Qxe2 26. Nxe2 Bc7 27. Nf4 Bf7 28. Ne6 Bxe6
29. fxe6 Rfe8 30. d5 axb4 31. axb4 dxc5 32. bxc5 Ra8 33. d6 Ba5 34. Bh3 f5 35.
Bxf5 Nf6 36. Bd4 1-0

[Event "C.to Provinciale VR"]
[Site "Zevio ITA"]
[Date "2014.01.26"]
[Round "6"]
[White "Cordioli, Luca"]
[Black "Caldonazzo, Matteo"]
[WhiteElo "1738"]
[BlackElo "1940"]
[Result "1/2-1/2"]
[PlyCount "24"]
[EventDate "2014.01.18"]

1. e4 e6 2. d4 d5 3. exd5 exd5 4. Bd3 Nc6 5. c3 Bd6 6. Ne2 Nge7 7. Qc2 Be6 8.
Bf4 Qd7 9. Nd2 O-O-O 10. O-O-O Rhe8 11. Bxd6 Qxd6 12. Ng3 Qf4 1/2-1/2

[Event "C.to Provinciale VR"]
[Site "Zevio ITA"]
[Date "2014.01.26"]
[Round "6"]
[White "Curto, Carlo Alberto"]
[Black "Bartiromo, Gerardo"]
[WhiteElo "1657"]
[BlackElo "1676"]
[Result "1/2-1/2"]
[PlyCount "141"]
[EventDate "2014.01.18"]

1. e4 e5 2. Nf3 Nc6 3. Bc4 Nf6 4. Ng5 d5 5. exd5 Na5 6. Bb5+ c6 7. dxc6 bxc6 8.
Be2 Bc5 9. Nf3 e4 10. Ne5 Qd6 11. Nc4 Nxc4 12. Bxc4 Bxf2+ 13. Kf1 Qf4 14. Qe2
Bb6+ 15. Ke1 Bg4 16. Qf1 Qe5 17. Nc3 O-O 18. Be2 Bxe2 19. Qxe2 Rfe8 20. Nd1
Rad8 21. Rb1 Qc5 22. c3 Nd5 23. g3 Rd7 24. Kf1 Nf6 25. Ne3 Qg5 26. Kg2 Bxe3 27.
Qxe3 Qxe3 28. dxe3 Rd3 29. Re1 Red8 30. Re2 h5 31. h3 g5 32. c4 Kg7 33. b3 Kg6
34. Rbb2 Nd7 35. Rbd2 Ne5 36. Kf2 g4 37. h4 Nf3 38. Rc2 R8d7 39. Bb2 a6 40. Bc3
f5 41. Ba1 Kf7 42. Bc3 Ke6 43. a4 Rb7 44. b4 c5 45. b5 axb5 46. axb5 Ra7 47. b6
Rb7 48. Ba5 Kd7 49. Rb2 Kc6 50. Rec2 Ne5 51. Ke2 Ra3 52. Be1 Rxb6 53. Rxb6+
Kxb6 54. Bd2 Ra4 55. Rb2+ Kc6 56. Rb8 Nxc4 57. Rc8+ Kd6 58. Rd8+ Kc7 59. Rd5
Nxd2 60. Kxd2 Ra2+ 61. Ke1 Rg2 62. Rxc5+ Kd6 63. Rxf5 Rxg3 64. Rxh5 Rxe3+ 65.
Kf2 Rh3 66. Ke2 g3 67. Rg5 Rh2+ 68. Ke3 Rxh4 69. Rxg3 Ke5 70. Rg5+ Kf6 71. Ra5
1/2-1/2

[Event "C.to Provinciale VR"]
[Site "Zevio ITA"]
[Date "2014.01.26"]
[Round "6"]
[White "Dalla Vecchia, Paolo"]
[Black "Antolini, Aldo"]
[WhiteElo "1884"]
[BlackElo "1737"]
[Result "1-0"]
[PlyCount "125"]
[EventDate "2014.01.18"]

1. d4 d5 2. Nf3 Nf6 3. c4 e6 4. Nc3 Nbd7 5. Bg5 c6 6. e3 Qa5 7. Bxf6 Nxf6 8.
Nd2 Bb4 9. Qc2 O-O 10. a3 Re8 11. Nb3 Bxc3+ 12. Qxc3 Qxc3+ 13. bxc3 e5 14. Be2
e4 15. h3 Be6 16. Nc5 b6 17. Nxe6 Rxe6 18. a4 Rb8 19. Kd2 Rd6 20. Rhb1 Rdd8 21.
a5 bxa5 22. Rxb8 Rxb8 23. Kc2 Kf8 24. Rxa5 Rb7 25. g4 h6 26. h4 Ke7 27. g5 hxg5
28. hxg5 Nd7 29. cxd5 cxd5 30. Rxd5 f6 31. gxf6+ gxf6 32. f3 exf3 33. Bxf3 Rc7
34. Rh5 Nb6 35. Rh7+ Kd6 36. Rxc7 Kxc7 37. Kb3 Nc8 38. c4 Nd6 39. Kc3 Nf5 40.
e4 Nd6 41. c5 Nb5+ 42. Kd3 a5 43. Bd1 Kb7 44. Ba4 Nc7 45. Kc4 Ka6 46. d5 Ka7
47. Bc6 Na6 48. Ba4 Nb4 49. d6 Kb7 50. d7 Kc7 51. c6 Na2 52. Bc2 Nb4 53. Ba4
Na2 54. Kd4 Nb4 55. Kc5 Nd3+ 56. Kb5 Ne5 57. Kxa5 Nc4+ 58. Kb4 Nd6 59. Bc2 Nf7
60. Kc5 Ne5 61. Ba4 Nf7 62. Kd5 Nd6 63. d8=Q+ 1-0

[Event "C.to Provinciale VR"]
[Site "Zevio ITA"]
[Date "2014.01.26"]
[Round "6"]
[White "De Paoli, Emilio"]
[Black "Jirillo, Antonio"]
[WhiteElo "1816"]
[BlackElo "1609"]
[Result "1-0"]
[PlyCount "96"]
[EventDate "2014.01.18"]

1. c4 Nf6 2. d4 d6 3. Nc3 Nbd7 4. g3 e5 5. e3 Be7 6. Bg2 O-O 7. Nge2 c6 8. b4
Qc7 9. O-O d5 10. cxd5 Bxb4 11. dxc6 bxc6 12. Qa4 Bxc3 13. Nxc3 Bb7 14. Ba3
Rfe8 15. Rfc1 Nb6 16. Qb3 exd4 17. Nb5 Qe5 18. Nd6 Re6 19. Nxb7 Ne4 20. exd4
Qxd4 21. Qe3 Qa4 22. Nc5 Nxc5 23. Qxc5 Nd7 24. Qb4 Qa6 25. Rab1 h6 26. Qc3 Rae8
27. Bb2 Nf6 28. h3 Qb6 29. Qc5 Qd8 30. Qc4 Qc8 31. Bd4 Nd5 32. Be3 Nxe3 33.
fxe3 Rxe3 34. Kh2 Qc7 35. Qf4 Qa5 36. Rb8 Qxa2 37. Qxe3 Rxb8 38. Rxc6 a5 39.
Qe4 a4 40. Qg4 Rb2 41. Rc8+ Kh7 42. Qe4+ g6 43. h4 a3 44. h5 Qb1 45. hxg6+ Kg7
46. Qxb1 Rxb1 47. gxf7 Kxf7 48. Ra8 Rb3 1-0